| 000 | 00000nam##2200000za#4500 |
| 001 | 9.526448 |
| 003 | CaOODSP |
| 005 | 20220623092428 |
| 007 | ta |
| 008 | 150406|1995||||xxc||||| f|0| 0 eng|d |
| 020 | |a0-662-62098-4 |
| 040 | |aCaOODSP|beng |
| 041 | |aeng |
| 041 | |afre |
| 043 | |an-cn--- |
| 086 | 1 |aC21-23/11 |
| 110 | 1 |aCanada.|bIndustry Canada. |bMicro-Economic Analysis Directorate. |
| 245 | 14|aThe university-industry relationship in science and technology / |cby Jérôme Doutriaux and Margaret Barker. |
| 260 | |aOttawa - Ontario : |bIndustry Canada. |c1995. |
| 300 | |aEnglish text, vii, 141p. : |btables ; |c23 cm. |
| 490 | 1 |aOccasional paper|vNo. 11, August, 1995 |
| 500 | |aContents: Introduction.--Socio-economic impact of university-industry linkages.--Government programs to encourage university-industry working relationships.--Management of the university-industry interface.--Conclusions and recommendations.--Appendix I: Recent studies of university-industry liaison offices.--Appendix II: Recent studies of relationships between large firms and university research.--Appendix III: Recent studies of university spinoff corporations.--Bibliography. |
| 504 | |aBibliography. |
| 546 | |aBilingual |
| 563 | |aSoftcover |
| 590 | |a95-43|b1995-10-27 |
| 690 | 07|aSciences|2gcpds |
| 690 | 07|aTechnology|2gcpds |
| 720 | 1 |aDoutriaux, Jérôme |
| 720 | 1 |aBarker, Margaret |
| 776 | 0#|tThe university-industry relationship in science and technology : |w(CaOODSP)9.570606 |
| 776 | 0#|tLes rapports université-industrie en sciences et technologie : |w(CaOODSP)9.601254 |
| 792 | |tLes rapports université-industrie en sciences et technologie / |efre|w(CaOODSP)9.526449 |
| 830 | #0|aOccasional paper (Canada. Industry Canada)|vNo. 11, August, 1995|w(CaOODSP)9.509050 |